000 00905nam a2200253Ia 4500
003 OSt
005 20221005103229.0
006 a|||||r|||| 00| 0
007 ta
008 221004b |||||||| |||| 00| 0 hin d
024 _a107636
037 _cTextual
040 _aCRL
_cCRL
_bhin
041 _2hin
_ahin
082 _aO152(Q3):g, J6.1-.2
100 _aशास्त्री, नेमिचन्द्र
245 0 _aहिन्दी - जैन - साहित्य - परिशीलन
246 _aHindī - jain - sāhitya - parishīlana
260 _aकाशी
_bभारतीय ज्ञानपीठ भारत
_c1956
490 _vभाग 1
650 _aहिन्दी साहित्य
942 _hO152(Q3):g, J6.1-.2
_cTEXL
_2cc
999 _c1009647
_d1009647